000 00646nam a22001937a 4500
005 20240809114255.0
008 230220b |||||||| |||| 00| 0 eng d
020 _a9789849144434
_cRs.300.00
040 _aLoreto college
041 _aBengali
082 _a891.44
_bAHA
100 _aAhmed,A.F.Salahuddin
245 _aUnish shatake banglar samaj-chinta o samaj bibartan
_cA.F.Salahuddin Ahmed
260 _aDhaka
_bJourneyman Books
_c 2017
300 _a175p.;22cm.
650 _aSocial change in Bengal
850 _aLCLIB
942 _cBK
999 _c43183
_d93662